Campeões Copa do Nordeste - Statistics

Estatísticas Gerais
  • Esse quiz foi jogado 65 vezes
  • A pontuação média é 20 de 20
Estatísticas das Respostas
Ano UF Clube % Correto
2001 BA Bahia
100%
2002 BA Bahia
100%
2017 BA Bahia
100%
2021 BA Bahia
100%
2015 CE Ceará
100%
2020 CE Ceará
100%
2023 CE Ceará
100%
2019 CE Fortaleza
100%
2022 CE Fortaleza
100%
1994 PE Sport
100%
2000 PE Sport
100%
2014 PE Sport
100%
1997 BA Vitória
100%
1999 BA Vitória
100%
2003 BA Vitória
100%
2010 BA Vitória
100%
1998 RN América
96%
2016 PE Santa Cruz
96%
2018 MA Sampaio Corrêa
95%
2013 PB Campinense
82%
Nenhum quiz correspondente encontrado
Distribuição das Pontuações
Porcentagem de Pessoas com Cada Pontuação
Percentil de Números Respondidos
Sua Pontuação Histórica
Você não jogou esse quiz